000
00257nam a2200097Ia 4500
008
220204s9999 xx 000 0 und d
082
_a
331:336.71(540)
_b
REP;1
245
0
_a
Report of the study group for banking industry
260
_a
Delhi
_c
1968
942
_c
BK
999
_c
22000
_d
22000